000
00209 a2200097 4500
001
25301
100
_a
King, G J
245
_a
Hi Fi Tape Recorder Handbook
260
_a
_b
Newness BW
_c
090
_c
17067
_d
17067
942
_a
NUST-CAE
_c
M
_c
7855
999
_c
260374
_d
260374